[Event "Brasil 72ch"]
[Site "Guarulhos BRA"]
[Date "2005.12.18"]
[Round "9.3"]
[White "Coelho, Luis Henrique"]
[Black "Mekhitarian, Krikor Sevag"]
[Result "1-0"]
[WhiteElo "2412"]
[BlackElo "2280"]
[PlyCount "144"]
[EventDate "2005.12.12"]
[EventType "tourn"]
[EventRounds "11"]
[EventCountry "BRA"]
[EventCategory "6"]
[Source "lmi"]
[SourceDate "2005.12.21"]

1. d4 Nf6 2. c4 e6 3. g3 d5 4. Bg2 Be7 5. Nf3 O-O 6. O-O dxc4 7. Qc2 a6 8. Qxc4
b5 9. Qc2 Bb7 10. Bd2 Be4 11. Qc1 Ra7 12. Be3 Nd5 13. Nc3 Nxc3 14. Qxc3 Qd5 15.
Ne1 Bxg2 16. Nxg2 g5 17. Rfd1 h5 18. f3 Rb7 19. Bf2 b4 20. Qd2 Nd7 21. e4 Qb5
22. Rac1 c5 23. dxc5 Ne5 24. Ne1 Rd7 25. Qc2 Rxd1 26. Rxd1 Qa5 27. b3 Rc8 28.
Rc1 h4 29. Kg2 Qb5 30. Bd4 Nc6 31. Be3 Ne5 32. Bd4 Nc6 33. Be3 Ne5 34. Kf2 a5
35. Qe2 hxg3+ 36. hxg3 Qxe2+ 37. Kxe2 Nc6 38. Nd3 Bf6 39. f4 gxf4 40. gxf4 Bc3
41. Nf2 Kf8 42. e5 Ne7 43. Ne4 Nd5 44. Rh1 Kg7 45. Rg1+ Kf8 46. Rh1 Kg7 47. Kf3
f6 48. Rg1+ Kf8 49. exf6 Nxf6 50. Nxc3 bxc3 51. Bd4 Nd5 52. Ke4 c2 53. Rc1 Nb4
54. a3 Nd5 55. Rxc2 Rb8 56. Rb2 Ke7 57. Be5 Rb5 58. Kd4 Kd7 59. f5 Ne7 60.
fxe6+ Kxe6 61. Kc4 Rb7 62. Bc3 Nc6 63. Rd2 Ke7 64. Rd6 Rc7 65. Kb5 Nb8 66. Bxa5
Rc8 67. Be1 Nd7 68. Bh4+ Ke8 69. Re6+ Kf8 70. b4 Ra8 71. a4 Nb8 72. Rd6 Ke8 1-0

[Event "Brasil 72ch"]
[Site "Guarulhos BRA"]
[Date "2005.12.18"]
[Round "9.4"]
[White "Cavalcanti, Francisco"]
[Black "Milos Jr, Gilberto"]
[Result "0-1"]
[WhiteElo "2270"]
[BlackElo "2620"]
[PlyCount "108"]
[EventDate "2005.12.12"]
[EventType "tourn"]
[EventRounds "11"]
[EventCountry "BRA"]
[EventCategory "6"]
[Source "lmi"]
[SourceDate "2005.12.21"]

1. d4 Nf6 2. c4 e6 3. Nc3 Bb4 4. Qc2 O-O 5. a3 Bxc3+ 6. Qxc3 b6 7. Bg5 h6 8.
Bh4 Ba6 9. Rc1 d6 10. f3 Nbd7 11. e4 c5 12. dxc5 bxc5 13. Nh3 Rb8 14. Bg3 Qb6
15. Rc2 Nh5 16. Nf4 Nxg3 17. hxg3 Ne5 18. Nh5 Qb3 19. Qd2 f6 20. Nxg7 Kxg7 21.
Qxh6+ Kf7 22. Qh7+ Ke8 23. Qxa7 Qb7 24. Rh7 Qxa7 25. Rxa7 Bb7 26. b4 Nc6 27.
Ra4 Kd7 28. Bd3 Kc7 29. Rc3 e5 30. g4 Rh8 31. Kf2 Bc8 32. b5 Nd4 33. Bf1 Kb6
34. Bd3 Bb7 35. Bf1 Rh1 36. Rc1 Ne6 37. Rc3 Nf4 38. Rc2 Rd8 39. Rd2 Ng6 40. Rd3
Ne7 41. Rd2 Nc8 42. Rc2 Kc7 43. Ra5 Nb6 44. Ra7 Kb8 45. Ra5 Bc8 46. Rc3 Rhh8
47. Rc2 Kb7 48. Ra6 Kc7 49. Ra5 Bb7 50. a4 Nc8 51. b6+ Nxb6 52. Rb2 Rb8 53. Ra7
Nc8 54. Ra5 Bc6 0-1

[Event "Brasil 72ch"]
[Site "Guarulhos BRA"]
[Date "2005.12.18"]
[Round "9.5"]
[White "Santos, Marcus Vinicius"]
[Black "Fier, Alexandr Hilario"]
[Result "1/2-1/2"]
[WhiteElo "2353"]
[BlackElo "2443"]
[PlyCount "36"]
[EventDate "2005.12.12"]
[EventType "tourn"]
[EventRounds "11"]
[EventCountry "BRA"]
[EventCategory "6"]
[Source "lmi"]
[SourceDate "2005.12.21"]

1. d4 Nf6 2. c4 e6 3. Nc3 Bb4 4. e3 O-O 5. a3 Bxc3+ 6. bxc3 c5 7. Bd3 Nc6 8.
Ne2 e5 9. O-O Re8 10. e4 cxd4 11. cxd4 exd4 12. Bg5 h6 13. Bh4 g5 14. Bg3 Nxe4
15. Bxe4 Rxe4 16. f3 Re8 17. Nxd4 d5 18. c5 Ne5 1/2-1/2

[Event "Brasil 72ch"]
[Site "Guarulhos BRA"]
[Date "2005.12.19"]
[Round "10.2"]
[White "Fier, Alexandr Hilario"]
[Black "Matsuura, Everaldo"]
[Result "1/2-1/2"]
[WhiteElo "2443"]
[BlackElo "2453"]
[PlyCount "33"]
[EventDate "2005.12.12"]
[EventType "tourn"]
[EventRounds "11"]
[EventCountry "BRA"]
[EventCategory "6"]
[Source "lmi"]
[SourceDate "2005.12.21"]

1. e4 c5 2. Nf3 Nc6 3. d4 cxd4 4. Nxd4 Nf6 5. Nc3 e5 6. Ndb5 d6 7. Bg5 a6 8.
Na3 b5 9. Nd5 Be7 10. Bxf6 Bxf6 11. c3 O-O 12. Nc2 Rb8 13. h4 Be6 14. Nce3 Be7
15. Bd3 Qd7 16. Qf3 Bd8 17. Rd1 1/2-1/2

[Event "Brasil 72ch"]
[Site "Guarulhos BRA"]
[Date "2005.12.19"]
[Round "10.3"]
[White "Milos Jr, Gilberto"]
[Black "Santos, Marcus Vinicius"]
[Result "1-0"]
[WhiteElo "2620"]
[BlackElo "2353"]
[PlyCount "55"]
[EventDate "2005.12.12"]
[EventType "tourn"]
[EventRounds "11"]
[EventCountry "BRA"]
[EventCategory "6"]
[Source "lmi"]
[SourceDate "2005.12.21"]

1. e4 e5 2. Nf3 Nc6 3. Bb5 f5 4. Qe2 Nf6 5. exf5 Bd6 6. Nc3 O-O 7. O-O Qe8 8.
d3 Qh5 9. Ne4 Be7 10. Ng3 Qe8 11. Bxc6 dxc6 12. Nxe5 Bd6 13. Re1 Nd5 14. Qe4
Bxe5 15. Qxe5 Qxe5 16. Rxe5 Nb4 17. Bd2 Nxc2 18. Rc1 Nd4 19. Bb4 Rd8 20. Rce1
Bd7 21. Bc5 Nb5 22. Re7 Re8 23. f6 gxf6 24. Nh5 Rxe7 25. Rxe7 Bf5 26. Nxf6+ Kh8
27. Be3 Rf8 28. Bh6 1-0

[Event "Brasil 72ch"]
[Site "Guarulhos BRA"]
[Date "2005.12.19"]
[Round "10.4"]
[White "Mekhitarian, Krikor Sevag"]
[Black "Cavalcanti, Francisco"]
[Result "1-0"]
[WhiteElo "2280"]
[BlackElo "2270"]
[PlyCount "87"]
[EventDate "2005.12.12"]
[EventType "tourn"]
[EventRounds "11"]
[EventCountry "BRA"]
[EventCategory "6"]
[Source "lmi"]
[SourceDate "2005.12.21"]

1. e4 e5 2. Nf3 Nc6 3. Bb5 Nf6 4. O-O Nxe4 5. d4 Be7 6. Qe2 Nd6 7. Bxc6 bxc6 8.
dxe5 Nb7 9. Nd4 O-O 10. Rd1 Qe8 11. Nf5 d5 12. exd6 Bxd6 13. Qf3 Bd7 14. Nc3
Qe6 15. Nxd6 cxd6 16. Bf4 Qg6 17. Bxd6 Bg4 18. Qf4 Bxd1 19. Bxf8 Bxc2 20. Ba3
Re8 21. h3 Nd8 22. Qc7 f5 23. Rc1 f4 24. Qxf4 Ne6 25. Qc4 Bf5 26. Kh2 h5 27.
Qxc6 Kh7 28. Re1 Rd8 29. Nd5 Qh6 30. Bb4 Nd4 31. Qxh6+ Kxh6 32. Re5 g6 33. Bd2+
Kg7 34. Re7+ Kg8 35. Nf6+ Kf8 36. Bb4 Nc6 37. Rd7+ Nxb4 38. Rxd8+ Ke7 39. Rb8
Nc6 40. Ng8+ Kd6 41. Rb7 Be6 42. Rg7 Ne5 43. Ne7 Bxa2 44. Nxg6 1-0

[Event "Brasil 72ch"]
[Site "Guarulhos BRA"]
[Date "2005.12.19"]
[Round "10.5"]
[White "Lima, Darcy Gustavo"]
[Black "Coelho, Luis Henrique"]
[Result "1/2-1/2"]
[WhiteElo "2529"]
[BlackElo "2412"]
[PlyCount "164"]
[EventDate "2005.12.12"]
[EventType "tourn"]
[EventRounds "11"]
[EventCountry "BRA"]
[EventCategory "6"]
[Source "lmi"]
[SourceDate "2005.12.21"]

1. c4 c5 2. Nf3 Nf6 3. g3 Nc6 4. Bg2 d5 5. cxd5 Nxd5 6. d4 cxd4 7. Nxd4 Ndb4 8.
Nxc6 Qxd1+ 9. Kxd1 Nxc6 10. Bxc6+ bxc6 11. Nc3 Bf5 12. Be3 O-O-O+ 13. Kc1 Kb7
14. Rd1 Rxd1+ 15. Kxd1 e5 16. Rc1 Bb4 17. a3 Rd8+ 18. Ke1 Bxc3+ 19. Rxc3 Rd5
20. f3 Rb5 21. b4 a5 22. Bc5 axb4 23. axb4 e4 24. f4 Kc7 25. Ra3 Rb7 26. Ra8 g6
27. Rf8 Be6 28. g4 Bxg4 29. Rxf7+ Kc8 30. Rf8+ Kd7 31. Kf2 Bf5 32. Rf7+ Kc8 33.
Rf6 Rc7 34. h4 h5 35. Ke3 Kb7 36. Kd4 Rd7+ 37. Bd6 Kb6 38. Ke5 Kb5 39. Rf8 e3
40. Rb8+ Kc4 41. Rb6 Kc3 42. Rxc6+ Kd2 43. b5 Kxe2 44. b6 Kf2 45. Bc5 Kf3 46.
Bb4 e2 47. Rc1 Rb7 48. Ba5 Kg3 49. Be1+ Kf3 50. Ba5 Kg3 51. Be1+ Kf3 52. Ba5
Bg4 53. Kf6 Kxf4 54. Kxg6 Bf3 55. Kf6 Kg4 56. Rg1+ Kh3 57. Ke5 Bg4 58. Rh1+ Kg2
59. Rb1 Bf3 60. Kd6 Rf7 61. Ke6 Rb7 62. Kd6 Be4 63. Rc1 Rf7 64. Ke5 Bb7 65. Kd6
Rf1 66. Be1 Rxe1 67. Rxe1 Kf2 68. Ra1 e1=Q 69. Rxe1 Kxe1 70. Ke5 Kf2 71. Kf4
Bf3 72. Kg5 Kg3 73. b7 Bxb7 74. Kxh5 Be4 75. Kg5 Bb1 76. h5 Bc2 77. h6 Bb1 78.
Kf6 Bc2 79. Kg7 Bd3 80. Kf6 Bc2 81. Kg7 Bd3 82. h7 Bxh7 1/2-1/2

[Event "Brasil 72ch"]
[Site "Guarulhos BRA"]
[Date "2005.12.19"]
[Round "10.6"]
[White "Di Berardino, Diego Rafael"]
[Black "Chemin, Vitorio"]
[Result "1-0"]
[WhiteElo "2312"]
[BlackElo "2294"]
[PlyCount "65"]
[EventDate "2005.12.12"]
[EventType "tourn"]
[EventRounds "11"]
[EventCountry "BRA"]
[EventCategory "6"]
[Source "lmi"]
[SourceDate "2005.12.21"]

1. e4 c5 2. Nf3 Nc6 3. d4 cxd4 4. Nxd4 Nf6 5. Nc3 d6 6. Bg5 Qb6 7. Be3 Qc7 8.
f3 a6 9. Qd2 e5 10. Nb3 Be7 11. g4 h6 12. O-O-O Na5 13. h4 Be6 14. Kb1 Nxb3 15.
axb3 b5 16. Rg1 Qc6 17. g5 hxg5 18. hxg5 Nd7 19. Nd5 Bxd5 20. exd5 Qb7 21. g6
f6 22. Bg2 O-O-O 23. Rh1 Kb8 24. Bh3 Rdf8 25. Bf5 Rxh1 26. Rxh1 Nb6 27. Rh7 Bd8
28. Bh6 Qxd5 29. Qxd5 Nxd5 30. Bxg7 Re8 31. Bd7 Re7 32. Bf8 f5 33. Rxe7 1-0

[Event "Brasil 72ch"]
[Site "Guarulhos BRA"]
[Date "2005.12.20"]
[Round "11.1"]
[White "Chemin, Vitorio"]
[Black "Disconzi da Silva, Rodrigo"]
[Result "1/2-1/2"]
[WhiteElo "2294"]
[BlackElo "2389"]
[PlyCount "21"]
[EventDate "2005.12.12"]
[EventType "tourn"]
[EventRounds "11"]
[EventCountry "BRA"]
[EventCategory "6"]
[Source "lmi"]
[SourceDate "2005.12.21"]

1. d4 d5 2. Nf3 Nf6 3. g3 c6 4. Bg2 Bf5 5. O-O Nbd7 6. Bf4 h6 7. Nbd2 e6 8. c4
Be7 9. Qb3 Qb6 10. c5 Qxb3 11. axb3 1/2-1/2

[Event "Brasil 72ch"]
[Site "Guarulhos BRA"]
[Date "2005.12.20"]
[Round "11.2"]
[White "Coelho, Luis Henrique"]
[Black "Di Berardino, Diego Rafael"]
[Result "1/2-1/2"]
[WhiteElo "2412"]
[BlackElo "2312"]
[PlyCount "102"]
[EventDate "2005.12.12"]
[EventType "tourn"]
[EventRounds "11"]
[EventCountry "BRA"]
[EventCategory "6"]
[Source "lmi"]
[SourceDate "2005.12.21"]

1. e4 c5 2. Nf3 e6 3. d4 cxd4 4. Nxd4 Nf6 5. Nc3 Nc6 6. Nxc6 bxc6 7. e5 Nd5 8.
Ne4 f5 9. exf6 Nxf6 10. Nd6+ Bxd6 11. Qxd6 Ba6 12. Bxa6 Qa5+ 13. Bd2 Qxa6 14.
f3 Kf7 15. b3 e5 16. c4 Rhe8 17. O-O Re6 18. Qd3 d5 19. Bg5 Kg8 20. Qf5 Rae8
21. Bxf6 Rxf6 22. Qd7 Qb6+ 23. Kh1 Qb8 24. cxd5 Rd6 25. Qf5 cxd5 26. Rfe1 Rdd8
27. Re2 Qd6 28. h3 Re7 29. Rd1 Qf6 30. Qd3 g6 31. b4 h5 32. b5 h4 33. Rc2 Rd6
34. Rc8+ Kg7 35. Qe3 e4 36. fxe4 dxe4 37. Rxd6 Qxd6 38. Qb3 e3 39. Qg8+ Kh6 40.
Qf8+ Kg5 41. Rc1 e2 42. Re1 Qe5 43. Qf3 Qf4 44. Kg1 Qd4+ 45. Qf2 Qd2 46. a4 Re5
47. Kh2 Qf4+ 48. Kg1 Qd2 49. Kh1 Qf4 50. Rxe2 Rxe2 51. Qxe2 Qxa4 1/2-1/2

[Event "Brasil 72ch"]
[Site "Guarulhos BRA"]
[Date "2005.12.20"]
[Round "11.3"]
[White "Cavalcanti, Francisco"]
[Black "Lima, Darcy Gustavo"]
[Result "1/2-1/2"]
[WhiteElo "2270"]
[BlackElo "2529"]
[PlyCount "48"]
[EventDate "2005.12.12"]
[EventType "tourn"]
[EventRounds "11"]
[EventCountry "BRA"]
[EventCategory "6"]
[Source "lmi"]
[SourceDate "2005.12.21"]

1. d4 Nf6 2. c4 g6 3. Nc3 d5 4. e3 Bg7 5. Nf3 O-O 6. Qb3 e6 7. Be2 b6 8. O-O
Bb7 9. cxd5 exd5 10. Rd1 Qe7 11. Bd2 Nbd7 12. Rac1 c5 13. dxc5 Nxc5 14. Qa3
Nfe4 15. Be1 Rfd8 16. Nb5 a5 17. Nbd4 Qf6 18. b3 h5 19. Qb2 Ne6 20. Qb1 Rac8
21. Rxc8 Rxc8 22. Rc1 N6c5 23. a3 Ra8 24. Rc2 Qd8 1/2-1/2

[Event "Brasil 72ch"]
[Site "Guarulhos BRA"]
[Date "2005.12.20"]
[Round "11.4"]
[White "Santos, Marcus Vinicius"]
[Black "Mekhitarian, Krikor Sevag"]
[Result "1-0"]
[WhiteElo "2353"]
[BlackElo "2280"]
[PlyCount "91"]
[EventDate "2005.12.12"]
[EventType "tourn"]
[EventRounds "11"]
[EventCountry "BRA"]
[EventCategory "6"]
[Source "lmi"]
[SourceDate "2005.12.21"]

1. d4 Nf6 2. c4 e6 3. Nc3 Bb4 4. e3 O-O 5. a3 Bxc3+ 6. bxc3 c5 7. Bd3 Nc6 8.
Ne2 e5 9. O-O Re8 10. e4 b6 11. f4 exd4 12. e5 Ng4 13. cxd4 cxd4 14. h3 Ne3 15.
Bxe3 dxe3 16. Nc3 d6 17. Be4 Bb7 18. Qh5 g6 19. Qh6 f5 20. Bd5+ Kh8 21. Bf7 Re7
22. e6 Nd4 23. Nd5 Bxd5 24. cxd5 e2 25. Rfe1 Nc2 26. Rac1 Nxe1 27. Rxe1 Rc7 28.
Rxe2 Rc1+ 29. Kh2 Qf6 30. Re3 Rac8 31. h4 Rf1 32. a4 a6 33. Qg5 Kg7 34. h5 Qxg5
35. fxg5 gxh5 36. Bxh5 f4 37. Re4 Rcc1 38. Kh3 Rce1 39. Rc4 Re3+ 40. Kg4 Rfe1
41. Rc7+ Kf8 42. Kf5 Re5+ 43. Kf6 Rf5+ 44. Kxf5 Re5+ 45. Kf6 Rf5+ 46. Kxf5 1-0

[Event "Brasil 72ch"]
[Site "Guarulhos BRA"]
[Date "2005.12.20"]
[Round "11.5"]
[White "Matsuura, Everaldo"]
[Black "Milos Jr, Gilberto"]
[Result "0-1"]
[WhiteElo "2453"]
[BlackElo "2620"]
[PlyCount "58"]
[EventDate "2005.12.12"]
[EventType "tourn"]
[EventRounds "11"]
[EventCountry "BRA"]
[EventCategory "6"]
[Source "lmi"]
[SourceDate "2005.12.21"]

1. e4 c5 2. c3 d6 3. d4 Nf6 4. Bd3 g6 5. h3 Bg7 6. Nf3 O-O 7. O-O d5 8. e5 Ne4
9. Nbd2 Bf5 10. Qe2 cxd4 11. Nxe4 dxe4 12. Bxe4 dxc3 13. Bxf5 gxf5 14. bxc3 Nc6
15. Rb1 Qc8 16. Bf4 b6 17. Rfd1 Rd8 18. Qe3 Qe6 19. Ng5 Qxa2 20. e6 fxe6 21.
Nxe6 Rxd1+ 22. Rxd1 Bf6 23. c4 Qc2 24. Rc1 Qe4 25. Qg3+ Kf7 26. Ng5+ Bxg5 27.
Qxg5 Rg8 28. Qh5+ Ke6 29. Bg3 Rxg3 0-1